| 000 | 00453nam a22001577a 4500 | ||
|---|---|---|---|
| 020 | _a978819498417 | ||
| 082 |
_aM1 _bSRE/A |
||
| 245 |
_aAranmula moonnu charithrakavyangal/ _cby Sreerenganathan K P (comp.) |
||
| 260 |
_aAranmula: _bSreerenganathan Aseethy Vandana Samithy, _c2022. |
||
| 300 | _a186p. | ||
| 650 | _aPoetry Malayalam | ||
| 650 | _aLiterature Malayalam | ||
| 650 | _aLiterature | ||
| 700 | _aSreerenganathan K P (comp.) | ||
| 942 | _cBK | ||
| 999 |
_c174531 _d174531 |
||